The Internet: Complete Reference (Record no. 49)

MARC details
000 -LEADER
fixed length control field 00402nam a22001697a 4500
005 - DATE AND TIME OF LATEST TRANSACTION
control field 20180205144312.0
008 - FIXED-LENGTH DATA ELEMENTS--GENERAL INFORMATION
fixed length control field 160426b xxu||||| |||| 00| 0 eng d
020 ## - INTERNATIONAL STANDARD BOOK NUMBER
ISBN 978-0-07-463162-1
041 ## - LANGUAGE CODE
Language code of text/sound track or separate title eng
082 ## - DEWEY DECIMAL CLASSIFICATION NUMBER
Item number 00170
Classification number 004.678
100 ## - MAIN ENTRY--AUTHOR NAME
Personal name hahn, Harley
245 ## - TITLE STATEMENT
Title The Internet: Complete Reference
250 ## - EDITION STATEMENT
Edition statement 2nd ed.
260 ## - PUBLICATION, DISTRIBUTION, ETC. (IMPRINT)
Place of publication New Delhi
Name of publisher TMH,
Year of publication 2008
300 ## - PHYSICAL DESCRIPTION
Number of Pages 802
942 ## - ADDED ENTRY ELEMENTS (KOHA)
Koha item type Books
Holdings
Lost status Damaged status Collection code Home library Current library Shelving location Date acquired Cost, normal purchase price Full call number Accession Number Koha item type
    CS/IT JRU Library JRU Library SHELF-52-J 26/04/2016 525.00 004.678 00170 Books